🌏 Google Earth : US States Quiz Stats

 Plays Quiz not verified by Sporcle

Score 0/50 Timer 20:00
0 Plays Today
% Correct
Alaska
99.3%
Florida
91.5%
New Jersey
89.9%
California
89%
Michigan
89%
Louisiana
83.6%
Oregon
83.1%
Connecticut
82.4%
New York
81.6%
Utah
81.2%
Texas
81.1%
Ohio
80.1%
Washington
80%
Nevada
79.8%
Hawaii
79.3%
Virginia
79%
Massachusetts
78.1%
Illinois
78%
Georgia
77.8%
Rhode Island
77.7%
New Mexico
77.2%
Alabama
76.9%
Maryland
76.9%
Wisconsin
76.3%
South Carolina
76.2%
% Correct
Colorado
75%
Maine
74.9%
North Carolina
74.7%
Indiana
74.4%
Arizona
74.3%
Minnesota
74.2%
Mississippi
73.8%
Pennsylvania
73.4%
Wyoming
73.2%
Delaware
72.9%
Tennessee
71%
Iowa
70.9%
Montana
70.8%
Nebraska
70.4%
Kentucky
69.2%
Kansas
69.1%
Vermont
69%
Idaho
68.5%
South Dakota
68.4%
Missouri
68.3%
North Dakota
68.3%
New Hampshire
67.6%
West Virginia
66.9%
Oklahoma
65.8%
Arkansas
65%

You're not logged in!

Compare scores with friends on all Sporcle quizzes.
OR
Log In

Show Comments

Extras

Top Quizzes Today


Score Distribution

Your Account Isn't Verified!

In order to create a playlist on Sporcle, you need to verify the email address you used during registration. Go to your Sporcle Settings to finish the process.

Report this User

Report this user for behavior that violates our Community Guidelines.

Details: